Géographie de l'Afrique par lettre - C - Statistiques

Statistiques générales
  • Ce quiz a été pris 218 fois
  • Le résultat moyen est 11 sur 16
Statistiques - réponses
Indice Réponse % Correct
Capitale de l'Égypte Le {Caire}
99%
Pays où se situent Douala et Yaoundé Cameroun
95%
Ville la plus peuplée du Maroc Casablanca
91%
Symbole présent sur les drapeaux de la Tunisie ou de la Mauritanie Croissant de lune
88%
Archipel situé au nord-ouest de Madagascar Comores
86%
Région de l'est de l'Afrique, comprenant par exemple la Somalie et l'Érythrée {Corne} de l'Afrique
86%
Pays de l'Afrique de l'Ouest, au sud du Mali Côte d'Ivoire
84%
Fleuve séparant les capitales de Brazzaville et de Kinshasa Congo
83%
Famille de langues notamment parlée aux Antilles, mais également à Maurice Créole
80%
Monnaie de 14 pays africains Franc {CFA}
79%
Péninsule en Afrique du Sud, une ville du même nom s'y trouve Péninsule du {Cap}
74%
Archipel espagnol au large de l'Afrique de l'Ouest Îles {Canaries}
73%
Espèce de singe, animal national du Sierra Leone Chimpanzé
57%
Ancienne ville, autrefois capitale de la civilisation punique Carthage
49%
Ce qu'est le Mokorotlo, présent sur le drapeau du Lesotho Chapeau
13%
Exclave de l'Angola, la seule du continent Cabinda
12%
Aucun quiz correspondant
Distribution des résultats
% des personnes avec chaque résultat
Percentile par nombre de réponses
Votre historique - résultats
Vous n’avez pas pris ce quiz